Teams in the American Football League - Statistics

General Stats
  • This quiz has been taken 143 times
  • The average score is 6 of 10
Answer Stats
Hint Answer % Correct
East New York Titans/Jets
80%
East Miami Dolphins
71%
East Boston Patriots
69%
West Dallas Texans/Kansas City Chiefs
68%
West Los Angeles/San Diego Chargers
66%
East Buffalo Bills
64%
West Oakland Raiders
58%
West Denver Broncos
57%
East Houston Oilers
51%
West Cincinnati Bengals
46%
No matching quizzes found
Score Distribution
Percent of People with Each Score
Percentile by Number Answered
Your Score History
You have not taken this quiz